| 000 | 00545nam a2200169Ia 4500 | ||
|---|---|---|---|
| 008 | 151018s9999 xx 000 0 und d | ||
| 082 |
_bRBASDV10827 _a891.463 |
||
| 100 | _aगो. ना. दातार | ||
| 245 | _aबंधुद्वेश | ||
| 260 |
_bदामोदर सावळाराम धंदे _c1964 |
||
| 300 | _a912 | ||
| 600 | _aगो. ना. दातार | ||
| 630 | _aबंधुद्वेश | ||
| 700 | _aगो. ना. दातार | ||
| 730 | _aबंधुद्वेश | ||
| 942 | _cBOOK | ||
| 999 |
_c1013181 _d1013178 |
||